Представление документа в формате RUSMARC

Поле Инд. ПП Название Значение
Тип записи a
Библиографический уровень a
001 Контрольный номер 65be23a8e32448a38b3321fa875f0979
005 Дата корректировки 20181124200607.6
100 a Данные общей обработки 20181120 ||| 0rusy0189 ca
101 0_ a Язык текста rus
102 a Страна публикации RU
200 1_ f Первые сведения об ответственности А.Я. Петров
a Заглавие Ответственность по трудовому праву: основные вехи российской истории
b Общее обозначение материала Текст
210 1_ d Дата издания 2018
461 _0 1 2000
a Вопросы трудового права
463 _0 1 2000
a № 10
v С. 30-41
1 2101
d 2018
1 0012cbddd480eaa4bcb9166a9af63669e64
606 a Основная рубрика Трудовое право
610 0_ a Ключевые слова ИСТОРИЯ ПРАВА РОССИИ
a Ключевые слова ДИСЦИПЛИНАРНАЯ ОТВЕТСТВЕННОСТЬ
a Ключевые слова МАТЕРИАЛЬНАЯ ОТВЕТСТВЕННОСТЬ
a Ключевые слова ВОЗМЕЩЕНИЕ ВРЕДА
a Ключевые слова КОМПЕНСАЦИЯ МОРАЛЬНОГО ВРЕДА
700 _1 a Фамилия Петров
b Имя А.Я.
801 _0 a Страна RU
b Организация РГУП
c Дата составления 20181120
g Правила каталогизации PSBO
801 _1 a Страна RU
b Организация РГУП
c Дата составления 20181120
g Правила каталогизации PSBO
901 t Тип документа b
w Контрольный № источника 2cbddd480eaa4bcb9166a9af63669e64
905 a Дата ввода 20181120